| 000 | 00603nam a2200229Ia 4500 | ||
|---|---|---|---|
| 003 | OSt | ||
| 005 | 20221007073437.0 | ||
| 006 | a|||||r|||| 00| 0 | ||
| 007 | ta | ||
| 008 | 221006b |||||||| |||| 00| 0 eng d | ||
| 024 | _a29,197 | ||
| 037 | _cTextual | ||
| 040 |
_aFLL _cFLL _beng |
||
| 041 |
_2eng _aeng |
||
| 082 | _aZ2,3, L0;1 | ||
| 100 | _aRamachandran V.G. | ||
| 245 | 0 | _aLaw of contract of India | |
| 260 |
_aLucknow _bEastern Book Company India _c1970 |
||
| 300 |
_axcvii,1956p _ccm. |
||
| 942 |
_hZ2,3, L0;1 _cTEXL _2CC |
||
| 999 |
_c1148755 _d1148755 |
||